00602nam a2200145 a 4500082002200000100002100022245004600043260009800089300004500187500007000232500002000302942000700322952011000329999001700439 a323.39710954bCHA0 aKailash Chandra,10aJinnah and the communal problem in India  aDelhi :bAnmol Publications (India) :bDistributed by Anupama Publishers Distributors,c1986. aiv, 277 p., [1] leaf of plates :bill. ; aReprint. Originally published under the title: Tragedy of Jinnah. aIncludes index. cBK 00104070aHMIbHMIcGENd2018-07-16l2o323.39710954 CHAp12511r2020-09-17s2020-02-20w2026-01-16yEB c21200d21200